Twelve reasons for the revision of the land tax (Record no. 116578)

MARC details
000 -LEADER
fixed length control field 00607cam a22002055a 4500
001 - CONTROL NUMBER
control field L141085
008 - FIXED-LENGTH DATA ELEMENTS--GENERAL INFORMATION
fixed length control field 071026s1879 xxk eng u
035 ## - SYSTEM CONTROL NUMBER
System control number (Sirsi) u141085
041 0# - LANGUAGE CODE
Language code of text/sound track or separate title eng
110 2# - MAIN ENTRY--CORPORATE NAME
Corporate name or jurisdiction name as entry element Financial Reform Association
9 (RLIN) 5422
245 00 - TITLE STATEMENT
Title Twelve reasons for the revision of the land tax
260 ## - PUBLICATION, DISTRIBUTION, ETC.
Place of publication, distribution, etc. Liverpool
Name of publisher, distributor, etc. Financial Reform Association
Date of publication, distribution, etc. 1879
300 ## - PHYSICAL DESCRIPTION
Extent 1 sheet
Dimensions 27 x 21 cm.
340 ## - PHYSICAL MEDIUM
Material base and configuration Printed
351 ## - ORGANIZATION AND ARRANGEMENT OF MATERIALS
Organization Single item
500 ## - GENERAL NOTE
General note Presented by H. Webb, F.A.I. on 12 October 1949.
651 4# - SUBJECT ADDED ENTRY--GEOGRAPHIC NAME
Geographic name United Kingdom
Chronological subdivision
690 ## - LOCAL SUBJECT ADDED ENTRY--TOPICAL TERM (OCLC, RLIN)
Topical term or geographic name as entry element PROPERTY-PROPERTY TAXATION
942 ## - ADDED ENTRY ELEMENTS (KOHA)
Suppress in OPAC 0
Holdings
Withdrawn status Lost status Source of classification or shelving scheme Damaged status Not for loan Home library Current library Shelving location Date acquired Total Checkouts Full call number Barcode Date last seen Copy number Price effective from Koha item type
    Dewey Decimal Classification     London London Basement 26/10/2007   BASEMENT BOX 4 141085-1001 06/08/2019 1 06/08/2019 Archive